[Event "7th Malaysia Open"]
[Site "Kuala Lumpur MAS"]
[Date "2010.09.05"]
[Round "7"]
[White "Castellano,Christo"]
[Black "Tan,Ju2"]
[Result "1-0"]
[WhiteElo "2231"]
[BlackElo "2052"]
[EventDate "2010.09.01"]

1. e4 e5 2. Nf3 Nc6 3. Bb5 a6 4. Ba4 Nf6 5. O-O Be7 6. Qe2 b5 7. Bb3 O-O 8.
c3 d5 9. exd5 Nxd5 10. Nxe5 Nxe5 11. Qxe5 Bb7 12. d4 Qd7 13. Bc2 f5 14. a4
Rae8 15. Qg3 f4 16. Qd3 g6 17. Nd2 Bd6 18. Nf3 Nb6 19. axb5 axb5 20. b3 Bd5
21. Bb2 Rf5 22. Rfe1 Ref8 23. Qd1 Rh5 24. Be4 Be6 25. Qc2 Qf7 26. c4 Bb4
27. d5 Bd7 28. Qd3 bxc4 29. bxc4 c5 30. dxc6 Nxc4 31. Qd4 Nxb2 32. Qxb4
Bxc6 33. Bxc6 Nd3 34. Qd4 Nxe1 35. Rxe1 Rc8 36. Bd7 Rd5 37. Qxd5 Qxd5 38.
Be6+ Qxe6 39. Rxe6 Kf7 40. Ng5+ Kg7 41. h4 Rc1+ 42. Kh2 h6 43. Ne4 Kf7 44.
Rf6+ Kg7 45. Rxf4 Rc6 46. Ng3 Rc5 47. Ra4 g5 48. Ra7+ Kg6 49. h5+ 1-0

[Event "7th Malaysia Open"]
[Site "Kuala Lumpur MAS"]
[Date "2010.09.05"]
[Round "7"]
[White "Polovina,E"]
[Black "Sutarno"]
[Result "0-1"]
[WhiteElo "2038"]
[BlackElo "2231"]
[EventDate "2010.09.01"]

1. d4 Nf6 2. c4 c5 3. e3 e6 4. Nf3 Nc6 5. Be2 cxd4 6. exd4 d5 7. c5 Be7 8.
a3 a5 9. Nc3 O-O 10. Bf4 b6 11. cxb6 Qxb6 12. Na4 Qa7 13. Rc1 Bd7 14. O-O
Ne4 15. Bb5 Qb7 16. Qe2 Bf6 17. Rfd1 Rfe8 18. g4 Qa7 19. Be3 Rab8 20. Nc3
Red8 0-1

[Event "7th Malaysia Open"]
[Site "Kuala Lumpur MAS"]
[Date "2010.09.05"]
[Round "7"]
[White "Bakliwal,G"]
[Black "Chong Chor Yuen"]
[Result "1-0"]
[WhiteElo "2236"]
[BlackElo "2063"]
[EventDate "2010.09.01"]

1. Nf3 d5 2. b3 Nf6 3. Bb2 Bg4 4. g3 e6 5. Bg2 Nbd7 6. O-O Bd6 7. d3 O-O 8.
Nbd2 c6 9. c4 e5 10. Qc2 Re8 11. e4 Rc8 12. h3 Bh5 13. Rae1 Qa5 14. a3 Qc7
15. Nh4 a5 16. Nf5 dxe4 17. Nxd6 Qxd6 18. Nxe4 Nxe4 19. dxe4 Nc5 20. b4
axb4 21. axb4 Nd3 22. Qd2 Rcd8 23. c5 Qe6 24. Rb1 Nf4 25. Qc2 Nxh3+ 26. Kh1
Qh6 27. Bxh3 Bg4 28. f3 Qxh3+ 29. Qh2 Rd2 30. Qxh3 Bxh3 31. Rg1 f6 32. g4
h6 33. Bc1 Rf2 34. Rg3 Bf1 35. Be3 Bd3 36. Bxf2 Bxb1 37. Rg1 Bc2 38. Rc1
Bb3 39. Rc3 Bd1 40. Rd3 Be2 41. Re3 Bb5 42. Kg2 Rd8 43. Be1 Kf7 44. Kf2 Ke6
45. Ra3 Ba6 46. Ra2 Bb5 47. Rd2 Rh8 48. Kg3 Ra8 49. Kf2 Ke7 50. Rd6 Ra2+
51. Rd2 Ra1 52. Rd6 Rb1 53. Bc3 Rc1 54. Be1 b6 55. Rd2 bxc5 56. bxc5 Rxc5
57. Ra2 Rc4 58. Ra7+ Kf8 59. Kg3 Kg8 60. Kh4 Kh7 61. Rb7 Rd4 62. Bc3 Rc4
63. Ba5 Rd4 64. Bb6 Ra4 65. Bd8 1-0

[Event "7th Malaysia Open"]
[Site "Kuala Lumpur MAS"]
[Date "2010.09.05"]
[Round "7"]
[White "Wang Jue"]
[Black "Hj,Azahari Md Aliuddin"]
[Result "1-0"]
[WhiteElo "2227"]
[BlackElo "2072"]
[EventDate "2010.09.01"]

1. e4 e5 2. Nf3 Nc6 3. Bb5 a6 4. Ba4 Nf6 5. O-O Be7 6. d3 d6 7. c3 O-O 8.
Nbd2 Re8 9. Re1 Bf8 10. Nf1 h6 11. Ng3 b5 12. Bc2 d5 13. Qe2 Be6 14. b3 b4
15. Bb2 dxe4 16. dxe4 Bc5 17. Rad1 Qe7 18. Bd3 Bg4 19. h3 Bxf3 20. Qxf3 g6
21. Qe2 bxc3 22. Bxc3 Bb4 23. Bxb4 Nxb4 24. Rc1 Red8 25. Bb1 Rd6 26. Qe3 h5
27. Qg5 Kh7 28. Rc3 Rc8 29. Rec1 c5 30. a3 Nc6 31. Rxc5 Qe6 32. b4 Rcd8 33.
Bd3 Rxd3 34. Rxc6 R8d6 35. R6c5 Rxg3 36. Qxe5 1-0

[Event "7th Malaysia Open"]
[Site "Kuala Lumpur MAS"]
[Date "2010.09.05"]
[Round "7"]
[White "Panggabean,H"]
[Black "Nayan,A"]
[Result "1-0"]
[WhiteElo "2212"]
[BlackElo "2048"]
[EventDate "2010.09.01"]

1. e4 c5 2. Nc3 a6 3. g3 b5 4. Bg2 Bb7 5. d3 g6 6. Be3 d6 7. Qd2 Bg7 8.
Nge2 Nf6 9. h3 O-O 10. O-O b4 11. Nd1 Qc7 12. Bh6 Nbd7 13. Bxg7 Kxg7 14. f4
Rac8 15. Ne3 Nb6 16. b3 e6 17. f5 d5 18. Ng4 Nxg4 19. hxg4 Nd7 20. Nf4 Rce8
21. Rae1 h6 22. fxe6 Nf6 23. exf7 Rxf7 24. exd5 Bc8 25. Rxe8 Nxe8 26. Be4
Nd6 27. Bxg6 1-0

[Event "7th Malaysia Open"]
[Site "Kuala Lumpur MAS"]
[Date "2010.09.05"]
[Round "7"]
[White "Dragicevic,Do"]
[Black "Guo,E"]
[Result "1-0"]
[WhiteElo "2195"]
[BlackElo "1964"]
[EventDate "2010.09.01"]

1. e4 c5 2. Nc3 e6 3. g3 Nc6 4. Bg2 Nf6 5. d3 d6 6. Nge2 Be7 7. O-O a6 8.
h3 Qc7 9. a4 b6 10. f4 Bb7 11. Be3 Rd8 12. g4 d5 13. exd5 Nxd5 14. Nxd5
exd5 15. d4 O-O 16. f5 cxd4 17. Nxd4 Nxd4 18. Bxd4 f6 19. Qd2 Bc5 20. Rf2
Rfe8 21. Rd1 Re7 22. b4 Bxd4 23. Qxd4 Qc6 24. Rfd2 Qxa4 25. Qxb6 Rc8 26. c4
Qb3 27. cxd5 Qg3 28. Qf2 Qd6 29. Re2 Qxb4 30. Rxe7 Qxe7 31. d6 Qd7 32. Bxb7
Qxb7 33. d7 Rd8 34. Qe3 Kf8 35. Qc5+ Kf7 36. Qc4+ Kf8 37. Qe6 Qa7+ 38. Kf1
Qb7 39. Kg1 Qa7+ 40. Kg2 Qb7+ 41. Kg3 Qc7+ 42. Kh4 Qf4 43. Re1 Qa4 44. Qe7+
1-0

[Event "7th Malaysia Open"]
[Site "Kuala Lumpur MAS"]
[Date "2010.09.05"]
[Round "7"]
[White "F. Sayani,M"]
[Black "Azman Hisham,M"]
[Result "1/2-1/2"]
[WhiteElo "2201"]
[BlackElo "2046"]
[EventDate "2010.09.01"]

1. e4 c5 2. Nf3 e6 3. c4 Nc6 4. Be2 g6 5. O-O Bg7 6. Nc3 Nge7 7. d3 O-O 8.
Be3 Nd4 9. Bxd4 cxd4 10. Nb5 Qb6 11. a4 e5 12. a5 Qc6 13. b4 f5 14. Nd2
fxe4 15. dxe4 d6 16. Rc1 b6 17. Ra1 a6 18. Na3 bxa5 19. b5 axb5 20. cxb5
Qb7 21. Nac4 d5 22. exd5 Nxd5 23. Nd6 Qd7 24. Nxc8 Rfxc8 25. Bg4 Qxb5 26.
Bxc8 Rxc8 27. Qg4 Re8 28. Ne4 Nf6 29. Nxf6+ Bxf6 30. Qf3 Be7 31. Rfc1 e4
32. Qxe4 Bg5 33. Qxd4 Bxc1 34. Rxc1 Qe5 35. Qc4+ Qe6 36. Qc3 a4 37. h4 Qg4
38. g3 Rf8 39. Qc5 Qf5 40. Qe3 Qf3 41. Qa7 Ra8 42. Qd4 Qf7 43. Qe4 Rf8 44.
Qe3 a3 45. Rc3 a2 46. Ra3 Rb8 47. Kh2 Rf8 48. f4 Qd5 49. Ra7 Ra8 50. Qe5
Qd2+ 51. Kh3 Rxa7 52. Qb8+ Kf7 53. Qxa7+ Ke8 54. Qa8+ Kd7 55. Qb7+ Kd6 56.
Qb6+ Ke7 57. Qc5+ Qd6 58. Qc3 Qe6+ 59. g4 h5 60. Qg7+ Kd6 61. Qd4+ Kc6 62.
Qa4+ Kc5 63. Qa5+ Kd6 64. Qb4+ Kd7 65. Qd4+ Ke7 66. Qg7+ Ke8 67. Qh8+ Kd7
68. Qg7+ Kc6 1/2-1/2

[Event "7th Malaysia Open"]
[Site "Kuala Lumpur MAS"]
[Date "2010.09.05"]
[Round "7"]
[White "Xu Yi"]
[Black "Lee Kim Han,E"]
[Result "1-0"]
[WhiteElo "2039"]
[BlackElo "2156"]
[EventDate "2010.09.01"]

1. e4 c5 2. Nf3 d6 3. d4 cxd4 4. Nxd4 Nf6 5. Nc3 a6 6. Be2 e5 7. Nb3 Be7 8.
O-O O-O 9. Kh1 b6 10. Be3 Bb7 11. f3 Nbd7 12. a4 Rc8 13. Nd2 Rxc3 14. bxc3
d5 15. Bd3 Qc7 16. c4 dxe4 17. Nxe4 Nxe4 18. fxe4 Bc5 19. Bd2 a5 20. Qg4
Qd6 21. Bg5 Bc6 22. Rf3 Qg6 23. Qh4 Kh8 24. Raf1 f6 25. Bd2 Be7 26. Rg3 Qf7
27. Rh3 Qg8 28. c5 g5 29. Qh6 Bxc5 30. Bc4 Qg7 31. Bxg5 Bxe4 32. Qxg7+ Kxg7
33. Bh6+ Kg6 34. Bxf8 Bxf8 35. Rg3+ Kh5 36. Rxf6 1-0

[Event "7th Malaysia Open"]
[Site "Kuala Lumpur MAS"]
[Date "2010.09.05"]
[Round "7"]
[White "Loo,S"]
[Black "Cheah,C"]
[Result "0-1"]
[WhiteElo "2147"]
[BlackElo "2003"]
[EventDate "2010.09.01"]

1. d4 Nf6 2. Nf3 g6 3. Bg5 Bg7 4. Nbd2 d5 5. e3 O-O 6. Be2 Nbd7 7. b4 Re8
8. O-O e5 9. c3 e4 10. Ne1 Nf8 11. c4 c6 12. Qb3 Be6 13. Nc2 dxc4 14. Bxc4
Bxc4 15. Nxc4 Qd5 16. Bxf6 Bxf6 17. Na5 Qd7 18. a4 Ne6 19. Rad1 Ng5 20. Kh1
Qg4 21. Nxb7 Nf3 22. Ne1 Nh4 23. Nd6 Re6 24. Nc4 Qe2 25. Kg1 Rb8 26. Rb1 a6
27. Qc2 Qh5 28. Nd2 Be7 29. Nxe4 Rxb4 30. Rxb4 Bxb4 31. Ng3 Qd5 32. Nf3
Nxf3+ 33. gxf3 Qxf3 34. Qe2 Qd5 35. Qxa6 h5 36. Rb1 Bd6 37. Qd3 h4 38. Ne2
Qf3 39. Kf1 Bxh2 40. Ke1 h3 41. d5 Rf6 42. Qa6 Qxf2+ 43. Kd2 Qf5 44. Qd3
Qf2 45. Rc1 cxd5 46. a5 Bd6 47. Qd4 h2 48. Qg4 Re6 49. Qh3 Kf8 50. Rf1 Bb4+
51. Kd1 Qxe3 52. Qxe3 Rxe3 53. Rh1 Bd6 54. Ke1 Ra3 55. Kd2 Rxa5 56. Nc3 Ke8
57. Ke2 Ke7 58. Ke3 Rc5 59. Kd3 0-1

[Event "7th Malaysia Open"]
[Site "Kuala Lumpur MAS"]
[Date "2010.09.05"]
[Round "7"]
[White "Soon,W"]
[Black "Azarya,J"]
[Result "*"]
[WhiteElo "2081"]
[BlackElo "1730"]
[EventDate "2010.09.01"]

1. e4 c5 2. Nc3 Nc6 3. f4 g6 4. Nf3 Bg7 5. Bc4 d6 6. O-O e6 7. f5 exf5 8.
d3 Nge7 9. Qe1 h6 10. Bf4 g5 11. Bd2 O-O 12. h4 g4 13. Nh2 Nd4 14. Rc1 Ng6
15. h5 Ne5 16. Bd5 Be6 17. exf5 Nxf5 18. Bf4 Rb8 19. Be4 Nd4 20. g3 b5 21.
Qd2 f5 22. Bg2 Nf7 23. Rce1 Be5 24. Nd5 Kh7 25. c3 Nf3+ 26. Nxf3 Bxd5 27.
Nh4 Bxg2 28. Qxg2 Bxf4 29. Rxf4 Ne5 30. Ref1 Qg5 31. d4 cxd4 32. cxd4 Nc4
33. Rxf5 Rxf5 34. Rxf5 Qc1+ 35. Rf1 Qe3+ 36. Kh1 Qxd4 37. Qc2+ Kh8 38. Ng6+
Kg7 39. Ne7 *

[Event "7th Malaysia Open"]
[Site "Kuala Lumpur MAS"]
[Date "2010.09.05"]
[Round "7"]
[White "Spiller,P"]
[Black "Abdullah,AlS"]
[Result "1/2-1/2"]
[WhiteElo "1986"]
[BlackElo "2125"]
[EventDate "2010.09.01"]

1. e4 d5 2. exd5 Qxd5 3. Nc3 Qa5 4. d4 Nf6 5. Nf3 c6 6. Ne5 Bf5 7. Bc4 e6
8. O-O Nbd7 9. Qe2 Qc7 10. Re1 Nb6 11. Bb3 O-O-O 12. Be3 Bd6 13. f4 h6 14.
a4 Rdg8 15. a5 Nbd5 16. Nxd5 Nxd5 17. c4 Nxe3 18. Qxe3 c5 19. a6 b6 20. Qf3
Kd8 21. dxc5 Qxc5+ 22. Kh1 Bxe5 23. Rxe5 Qc7 24. Rxf5 exf5 25. Re1 Re8 26.
Qd5+ Kc8 27. Qa8+ Qb8 28. Qc6+ Kd8 29. Qd5+ Kc8 30. Qc6+ Kd8 31. Qd5+
1/2-1/2

[Event "7th Malaysia Open"]
[Site "Kuala Lumpur MAS"]
[Date "2010.09.05"]
[Round "7"]
[White "Low,J"]
[Black "Tan Khai Boon"]
[Result "0-1"]
[WhiteElo "1914"]
[BlackElo "2160"]
[EventDate "2010.09.01"]

1. e4 e5 2. Nf3 d6 3. d4 exd4 4. Nxd4 Nf6 5. Bd3 g6 6. c4 Bg7 7. Nc3 O-O 8.
O-O Re8 9. f3 c6 10. Nc2 Nbd7 11. Be2 Nb6 12. Ne3 h5 13. Qd3 Be6 14. Rd1
Bf8 15. f4 Nfd7 16. b3 Qh4 17. Bf3 Rad8 18. g3 Qe7 19. Ba3 Nc5 20. Qc2 Bh3
21. Re1 Bg7 22. Bb2 Ne6 23. Ne2 Bxb2 24. Qxb2 Nc5 25. Qc2 Nxe4 26. f5 Ng5
27. Nd4 Qf6 28. Rad1 c5 29. fxg6 cxd4 30. gxf7+ Qxf7 31. Bg2 Bxg2 32. Nf5
Rxe1+ 33. Kxg2 Re6 34. Rf1 Qh7 35. Qd2 Nf7 36. Qxd4 Rde8 37. Kh3 Re5 38.
Nh4 Re2 39. Rf6 0-1

[Event "7th Malaysia Open"]
[Site "Kuala Lumpur MAS"]
[Date "2010.09.05"]
[Round "7"]
[White "Milligan,H"]
[Black "Fong Mi Yen"]
[Result "1/2-1/2"]
[WhiteElo "2033"]
[BlackElo "1905"]
[EventDate "2010.09.01"]

1. e4 e5 2. Nf3 Nc6 3. Bb5 a6 4. Ba4 Nf6 5. O-O Be7 6. Re1 b5 7. Bb3 O-O 8.
a4 Na5 9. axb5 axb5 10. Nxe5 Bb7 11. d3 Nxb3 12. Rxa8 Qxa8 13. cxb3 d6 14.
Nf3 Ng4 15. Nc3 b4 16. Ne2 Ne5 17. Ng3 Bf6 18. Qe2 Nxf3+ 19. Qxf3 Qa2 20.
Qd1 Re8 21. Qc2 c5 22. Nf5 Re6 23. f4 Bd5 24. e5 Bxb3 25. Qf2 dxe5 26. Qxc5
Qa4 27. fxe5 h6 28. Nd4 Bd8 29. Nxe6 Bxe6 30. Qd6 Ba5 31. Be3 Qa2 32. Qd4
Qb3 33. Ra1 Bc7 34. h3 Bf5 35. Ra7 Qc2 36. Qc5 Qxc5 37. Bxc5 Bxe5 38. d4
Bf4 39. Rb7 Bd2 40. Kf2 g6 41. Bxb4 Bg5 42. Bd6 Kg7 43. Be5+ Kf8 44. b4 Be4
45. Rc7 Ke8 46. b5 Bd8 47. Rc3 Kd7 48. g4 Bb6 49. Ke3 Bg2 50. h4 Bd5 51.
Bg7 h5 52. gxh5 gxh5 53. Bf8 Bg2 54. Bc5 Bd8 55. b6 Bxh4 56. Kf4 Bd8 57.
Rg3 Bb7 58. Ke5 Kc6 59. Rg7 f6+ 60. Kf4 Bxb6 61. Bxb6 Kxb6 62. Rh7 Ba6 63.
Rxh5 Bd3 64. Rh6 Kc6 65. Rxf6+ Kd5 66. Ke3 Bb1 67. Rb6 Bh7 68. Rb5+ Kc6 69.
Rc5+ Kd6 70. Rh5 Bb1 71. Kf4 Bc2 72. Ra5 Bd3 73. d5 Bh7 74. Ke3 Ke5 75. Rb5
Bg8 76. d6+ Kxd6 77. Kd4 Kc6 78. Rg5 Ba2 79. Rg6+ Kb5 80. Rf6 Bg8 81. Rd6
Ba2 82. Rd8 Kc6 1/2-1/2

[Event "7th Malaysia Open"]
[Site "Kuala Lumpur MAS"]
[Date "2010.09.05"]
[Round "7"]
[White "Ismail,Ah"]
[Black "Ho En Huei,D"]
[Result "1-0"]
[WhiteElo "1996"]
[BlackElo "1914"]
[EventDate "2010.09.01"]

1. d4 d5 2. Bg5 c6 3. e3 h6 4. Bh4 Qb6 5. Qc1 e5 6. c3 e4 7. f3 Bf5 8. Nd2
Nd7 9. fxe4 dxe4 10. Bc4 Ngf6 11. Ne2 Bd6 12. Bg3 Qc7 13. O-O Bh7 14. Bb3
O-O 15. Nc4 Bxg3 16. Nxg3 Nd5 17. Na3 Rac8 18. c4 Nb4 19. Qd2 c5 20. Nb5
Qb6 21. a4 a5 22. d5 Ne5 23. Nf5 Bxf5 24. Rxf5 f6 25. Qc3 Nf7 26. Bc2 Rfe8
27. Raf1 Nd6 28. Rxf6 Nxb5 29. cxb5 gxf6 30. Rxf6 Nxd5 31. Rxb6 Nxc3 32.
bxc3 Rc7 33. Rxh6 c4 34. Rd6 Kg7 35. Rd4 Re5 36. g4 Kf6 37. Kg2 Re6 38.
Bxe4 Rce7 39. Kf3 Kg5 40. Rxc4 Rf6+ 41. Bf5 Rh6 42. e4 Rxh2 43. Ke3 Ra2 44.
b6 Re5 45. Bc8 Rb2 46. Bxb7 Rxb6 47. Bc8 Rb3 48. Bf5 Ra3 49. Kd4 Kf4 50.
Kd3 Re8 51. Bd7 Rh8 52. Rc5 Rh3+ 53. Kd4 Ra2 54. Rf5+ Kg3 55. Bc6 Kxg4 56.
c4 Rd2+ 57. Kc5 Rb3 58. Rf8 Re2 59. Ra8 Kf4 60. Rxa5 Rc2 61. Ra8 Rbc3 62.
Bd5 Ra2 63. Rf8+ Ke3 64. Ra8 Kd3 65. e5 Rca3 66. e6 Re2 67. Kd6 Kd4 68. a5
Re5 69. a6 Ra5 70. e7 1-0

[Event "7th Malaysia Open"]
[Site "Kuala Lumpur MAS"]
[Date "2010.09.05"]
[Round "7"]
[White "Hetul,S"]
[Black "Haslindah,R"]
[Result "1-0"]
[WhiteElo "1956"]
[BlackElo "1662"]
[EventDate "2010.09.01"]

1. c4 Nf6 2. Nc3 e6 3. e4 Bb4 4. e5 Bxc3 5. dxc3 Ne4 6. Qg4 d5 7. Qxg7 Rf8
8. Bh6 Qe7 9. f3 Nc5 10. O-O-O c6 11. Qxh7 Nbd7 12. Bxf8 Nxf8 13. Qh6 Ng6
14. Qe3 b6 15. Nh3 Qh4 16. g3 Qh5 17. f4 Ne4 18. Nf2 Nc5 19. Be2 Qh8 20. h4
Ba6 21. cxd5 Bxe2 22. Qxe2 cxd5 23. Qb5+ Kf8 24. Qe2 Kg7 25. h5 Ne7 26. h6+
Kh7 27. Qc2+ Kg8 28. g4 f5 29. gxf5 Nxf5 30. Qe2 Kh7 31. Rdg1 Qf8 32. Qh5
Ng3 33. Qg4 Nxh1 34. Rxh1 Qf7 35. Nh3 Ne4 36. Ng5+ Nxg5 37. fxg5 Rg8 38.
Rg1 Rg6 39. Kc2 Qf2+ 40. Kb3 a5 41. a4 Qf7 42. Rg3 Qc7 43. Qf4 Qe7 44. Kc2
Qc7 45. Rf3 Qe7 46. Qf7+ Qxf7 47. Rxf7+ Kg8 48. Rf6 Rxg5 49. Rxe6 Kh7 50.
Kd3 Rg3+ 51. Kd4 Rg4+ 52. Kxd5 Rxa4 53. Rxb6 Ra1 54. e6 Rd1+ 55. Kc6 Re1
56. Kd7 Rd1+ 57. Rd6 Rf1 58. e7 Rf7 59. Kd8 1-0

[Event "7th Malaysia Open"]
[Site "Kuala Lumpur MAS"]
[Date "2010.09.05"]
[Round "7"]
[White "Limono,Handjojo"]
[Black "Tin Jingyao"]
[Result "0-1"]
[WhiteElo "1898"]
[BlackElo "1828"]
[EventDate "2010.09.01"]

1. c4 Nf6 2. Nc3 e5 3. g3 c6 4. Bg2 d5 5. cxd5 cxd5 6. Qa4+ Bd7 7. Qb3 Bc6
8. d3 d4 9. Bxc6+ bxc6 10. Nb1 Qc7 11. Nd2 Be7 12. Ngf3 O-O 13. O-O Nbd7
14. Nc4 Nd5 15. Bd2 Rab8 16. Qc2 Bb4 17. a3 Bxd2 18. Nfxd2 Rb7 19. Rfc1 f5
20. Nb3 Rf6 21. Nca5 Rb6 22. Qc4 Qd6 23. Rc2 Kh8 24. Rac1 Ne7 25. Qa4 Qe6
26. Nc4 Rb7 27. Nba5 Nc5 28. Nxb7 Nxa4 29. Nca5 h6 30. Nd8 Qd7 31. Ndxc6
Nxc6 32. Nxc6 Rxc6 33. Rxc6 Nc3 34. R6xc3 dxc3 35. Rxc3 Kh7 36. Rc4 Qb5 37.
Rb4 Qd5 38. a4 e4 39. d4 a5 40. Rb5 Qxd4 41. Rxa5 Qxb2 42. e3 Kg6 43. Kg2
Qb6 44. Rb5 Qa6 45. Rb4 Kf6 46. Rd4 g5 47. h3 h5 48. Kg1 h4 49. gxh4 gxh4
50. Kg2 Qe2 51. Rd6+ Kg5 52. Rd8 Qf3+ 53. Kg1 Qxh3 54. a5 Qg4+ 55. Kf1 Qf3
56. a6 h3 57. a7 h2 58. Rg8+ Kf6 59. Rf8+ Ke7 60. Re8+ Kd7 61. Rd8+ Kc7 62.
Rc8+ Kb6 63. Rh8 h1=R+ 64. Rxh1 Qxh1+ 65. Ke2 Kxa7 0-1

[Event "7th Malaysia Open"]
[Site "Kuala Lumpur MAS"]
[Date "2010.09.05"]
[Round "7"]
[White "Fong Yit San"]
[Black "Tan Jun Feng"]
[Result "1-0"]
[WhiteElo "1947"]
[BlackElo "1870"]
[EventDate "2010.09.01"]

1. e4 c5 2. Nc3 b6 3. f4 Bb7 4. Nf3 Nc6 5. Bc4 e6 6. O-O Nf6 7. e5 d5 8.
Bb5 Nd7 9. Bxc6 Bxc6 10. d3 Be7 11. Ne2 O-O 12. Ng3 Bh4 13. Bd2 Rc8 14. Qe2
Re8 15. c3 Bb5 16. Nxh4 Qxh4 17. f5 Bxd3 18. Qxd3 Nxe5 19. Qc2 Ng4 20. h3
Qxg3 21. hxg4 Qxg4 22. f6 g6 23. Rf4 Qh5 24. Rf3 e5 25. Rh3 Qg4 26. Re3 e4
27. Rae1 Re6 28. c4 dxc4 29. Rxe4 Rxe4 30. Qxe4 Qd7 31. Bf4 Qd4+ 32. Kh1
Rf8 33. Bh6 Qxf6 34. Bxf8 Kxf8 35. Qe8+ Kg7 36. Qe5 g5 37. Kg1 a6 38. Qxf6+
Kxf6 39. Re8 h5 40. Rb8 b5 41. Rb6+ Ke5 42. Rxa6 b4 43. Kf2 Kd4 44. Rd6+
Ke4 45. Ke2 f5 46. Re6+ Kf4 47. a4 bxa3 48. bxa3 h4 49. a4 Kg3 50. a5 Kxg2
51. a6 f4 52. a7 g4 53. a8=Q+ f3+ 54. Kd2 h3 55. Re2+ Kg1 56. Qa1+ 1-0

[Event "7th Malaysia Open"]
[Site "Kuala Lumpur MAS"]
[Date "2010.09.06"]
[Round "8"]
[White "Gupta,Ab"]
[Black "Zhou Weiqi"]
[Result "1/2-1/2"]
[WhiteElo "2595"]
[BlackElo "2569"]
[EventDate "2010.09.01"]

1. d4 Nf6 2. c4 e6 3. Nf3 b6 4. g3 Bb4+ 5. Bd2 Bxd2+ 6. Qxd2 Ba6 7. b3 c6
8. Bg2 d5 9. O-O O-O 10. Rc1 Nbd7 11. a4 Qe7 12. Na3 Rac8 13. e3 h6 14. a5
Bb7 15. Nc2 dxc4 16. bxc4 c5 17. axb6 axb6 18. Ra7 Bxf3 19. Bxf3 cxd4 20.
Nxd4 Qd6 21. Qb2 Qc5 22. Qa3 Ne5 23. Be2 Rfd8 24. Rc2 Rd7 25. Qxc5 bxc5 26.
Rxd7 Nexd7 27. Nb5 Ra8 28. Rb2 Kf8 29. Kg2 g5 30. h3 Ra4 31. Nd6 Ke7 32.
Nc8+ 1/2-1/2

[Event "7th Malaysia Open"]
[Site "Kuala Lumpur MAS"]
[Date "2010.09.06"]
[Round "8"]
[White "Wan Yunguo"]
[Black "Sethuraman,S"]
[Result "0-1"]
[WhiteElo "2450"]
[BlackElo "2535"]
[EventDate "2010.09.01"]

1. e4 e6 2. d4 d5 3. Nc3 Nf6 4. e5 Nfd7 5. f4 c5 6. Nf3 Nc6 7. Be3 Qb6 8.
Na4 Qa5+ 9. c3 cxd4 10. b4 Nxb4 11. cxb4 Bxb4+ 12. Bd2 Bxd2+ 13. Nxd2 O-O
14. Bd3 b5 15. Nb2 Nb6 16. O-O Nc4 17. Nbxc4 bxc4 18. Bxh7+ Kxh7 19. Qh5+
Kg8 20. Nf3 g6 21. Qh4 Kg7 22. Qf6+ Kg8 23. Qh4 Qc7 24. Ng5 f6 25. exf6
Rxf6 26. Ne4 Rf7 27. Nf6+ Rxf6 28. Qxf6 Qg7 29. Qd8+ Qf8 30. Qc7 Qg7 31.
Qd8+ Qf8 32. Qc7 Qf7 33. Qc5 d3 34. Rfe1 Bd7 35. f5 gxf5 36. Qd6 d2 37. Re3
f4 38. Rh3 e5 39. Rh6 Kg7 40. g4 Re8 41. g5 Qf5 42. h4 f3 43. Kf2 d1=Q 44.
Rxd1 Qc2+ 45. Kxf3 Qxd1+ 46. Kg2 Qg4+ 47. Kh2 Qf5 48. Rf6 Qh3+ 49. Kg1 Qg3+
50. Kf1 Bh3+ 51. Ke2 Bg4+ 52. Kf1 Bh3+ 53. Ke2 Qd3+ 54. Kf2 Qd2+ 0-1

[Event "7th Malaysia Open"]
[Site "Kuala Lumpur MAS"]
[Date "2010.09.06"]
[Round "8"]
[White "Nguyen Anh Dung"]
[Black "Guo Qi"]
[Result "1-0"]
[WhiteElo "2500"]
[BlackElo "2167"]
[EventDate "2010.09.01"]

1. e4 e6 2. d4 d5 3. Nc3 Nf6 4. Bg5 dxe4 5. Nxe4 Nbd7 6. Nf3 h6 7. Bxf6
Nxf6 8. Bd3 c5 9. Nxf6+ gxf6 10. O-O cxd4 11. Nxd4 Bc5 12. c3 Bd7 13. Be4
Qb6 14. Qh5 O-O-O 15. Rad1 f5 16. Bf3 Be8 17. Qh4 Qc7 18. Qf6 Rf8 19. g3
Bd6 20. Qxh6 f4 21. Qh7 Bd7 22. Qd3 Rg8 23. Nf5 exf5 24. Qxd6 fxg3 25. fxg3
f4 26. Qxc7+ Kxc7 27. Bg2 Be6 28. Rxd8 Rxd8 29. Rxf4 Rd1+ 30. Bf1 Bxa2 31.
h4 Kd6 32. h5 Ke7 33. h6 Bb1 34. Kf2 f6 35. Ke3 Kf7 36. Be2 Rh1 37. Ra4 a6
38. Rh4 Rxh4 39. gxh4 Kg6 40. Bd3+ Bxd3 41. Kxd3 Kxh6 42. Ke4 Kg6 43. Kf4
b6 44. h5+ Kxh5 45. Kf5 Kh4 46. Kxf6 Kg4 47. Ke5 Kf3 48. Kd5 Ke3 49. Kc6
1-0

[Event "7th Malaysia Open"]
[Site "Kuala Lumpur MAS"]
[Date "2010.09.06"]
[Round "8"]
[White "Pham Chuong"]
[Black "Smerdon,D"]
[Result "1/2-1/2"]
[WhiteElo "2361"]
[BlackElo "2526"]
[EventDate "2010.09.01"]

1. d4 Nf6 2. Nf3 e6 3. c4 c5 4. d5 d6 5. Nc3 exd5 6. cxd5 g6 7. g3 Bg7 8.
Bg2 O-O 9. O-O a6 10. a4 Nbd7 11. Nd2 Re8 12. h3 Rb8 13. Nc4 Nb6 14. Na3
Bd7 15. Bf4 Nc8 16. Nc4 Qe7 17. a5 Nh5 18. Bd2 Bb5 19. Qb3 Bxc4 20. Qxc4 b5
21. axb6 Rxb6 22. Ra2 Rb4 23. Qxa6 Rb3 24. Qa4 Rb4 25. Qc2 Nb6 26. b3 c4
27. Rb1 Rc8 28. bxc4 Rxb1+ 29. Nxb1 Qxe2 30. Bf1 Qf3 31. Bb4 Bd4 32. Qd3
Qxd3 33. Bxd3 Nxc4 34. Rc2 Nb6 35. Bxd6 Rxc2 36. Bxc2 Nxd5 1/2-1/2

[Event "7th Malaysia Open"]
[Site "Kuala Lumpur MAS"]
[Date "2010.09.06"]
[Round "8"]
[White "Wang Chen"]
[Black "Satyapragyan,S"]
[Result "0-1"]
[WhiteElo "2404"]
[BlackElo "2451"]
[EventDate "2010.09.01"]

1. e4 c5 2. Nf3 e6 3. b3 Nf6 4. e5 Nd5 5. Bb2 Nc6 6. Bb5 Qb6 7. Bc4 Nf4 8.
g3 Ng6 9. O-O Qc7 10. Qe2 a6 11. a4 b6 12. h4 Bb7 13. Re1 Nb4 14. Na3 Qc6
15. Kg2 h5 16. d3 Be7 17. Rh1 O-O 18. Rae1 f6 19. Qe4 Nxe5 20. Nxe5 fxe5
21. Bxe5 Qc8 0-1

[Event "7th Malaysia Open"]
[Site "Kuala Lumpur MAS"]
[Date "2010.09.06"]
[Round "8"]
[White "Nguyen Duc Hoa"]
[Black "Mok Tze Meng"]
[Result "1-0"]
[WhiteElo "2385"]
[BlackElo "2416"]
[EventDate "2010.09.01"]

1. d4 g6 2. c4 Bg7 3. Nf3 Nf6 4. Nc3 c5 5. d5 d6 6. Bg5 O-O 7. e3 a6 8. a4
e6 9. Be2 exd5 10. cxd5 Qb6 11. Ra3 Bg4 12. Rb3 Qc7 13. Nd2 Bxe2 14. Qxe2
Nbd7 15. Nc4 b5 16. axb5 axb5 17. Nxb5 Qb8 18. O-O Nxd5 19. Rd1 N7b6 20.
Nbxd6 Qa7 21. h3 Rfb8 22. e4 Nxc4 23. Qxc4 Rxb3 24. Qxb3 Nb4 25. Be3 Qa2
26. Qxa2 Rxa2 27. Bxc5 Na6 28. b4 Rc2 29. Nb7 Nxc5 30. Rd8+ Bf8 31. bxc5
Kg7 32. Rd5 Kf6 33. g3 Re2 34. c6 Rc2 35. Rd7 Be7 36. Rc7 h5 37. h4 Ke6 38.
Kg2 Rc3 39. Rc8 Rc1 40. Re8 Kf6 41. e5+ 1-0

[Event "7th Malaysia Open"]
[Site "Kuala Lumpur MAS"]
[Date "2010.09.06"]
[Round "8"]
[White "Swapnil,SD"]
[Black "Iuldachev,S"]
[Result "*"]
[WhiteElo "2425"]
[BlackElo "2496"]
[EventDate "2010.09.01"]

1. d4 Nf6 2. c4 d6 3. Nc3 Nbd7 4. Nf3 e5 5. g3 g6 6. Bg2 Bg7 7. O-O O-O 8.
e4 c6 9. h3 Qb6 10. Re1 exd4 11. Nxd4 Ne8 12. Nc2 Nc5 13. b4 Nd7 14. Be3
Qc7 15. Nd4 a5 16. a3 axb4 17. axb4 Rxa1 18. Qxa1 Ne5 19. Qa2 Qe7 20. Rd1
d5 21. cxd5 Qxb4 22. Qb3 c5 23. Qxb4 cxb4 24. Ncb5 Nc4 25. Rc1 Nxe3 26. Nd6
*

[Event "7th Malaysia Open"]
[Site "Kuala Lumpur MAS"]
[Date "2010.09.06"]
[Round "8"]
[White "Zeng,C"]
[Black "Khamrakulov,D"]
[Result "0-1"]
[WhiteElo "2410"]
[BlackElo "2485"]
[EventDate "2010.09.01"]

1. d4 d5 2. c4 dxc4 3. Nf3 Nf6 4. Nc3 a6 5. e4 b5 6. e5 Nd5 7. a4 Bb7 8. e6
fxe6 9. Be2 c5 10. O-O Nd7 11. Ng5 Qb6 12. Bg4 cxd4 13. Bxe6 Nc7 14. Bxd7+
Kxd7 15. Nf7 Ke8 16. Nxh8 Qc6 17. Qg4 dxc3 18. bxc3 g6 19. Ba3 Bg7 20. Rfe1
Nd5 21. Qh4 b4 22. Bxb4 Bf6 23. Qxh7 Nxb4 24. Qxg6+ Kd7 25. Qg4+ Kc7 26.
Re6 Qd5 27. Rae1 Nd3 28. Rxe7+ Bxe7 29. Rxe7+ Kb6 30. Nf7 Rf8 31. h4 Rxf7
32. Qg6+ Ka5 33. Rxf7 Ne5 34. Qg3 Nxf7 35. f3 Qd1+ 0-1

[Event "7th Malaysia Open"]
[Site "Kuala Lumpur MAS"]
[Date "2010.09.06"]
[Round "8"]
[White "Ashwin,J"]
[Black "Wang Jue"]
[Result "1/2-1/2"]
[WhiteElo "2431"]
[BlackElo "2227"]
[EventDate "2010.09.01"]

1. d4 Nf6 2. c4 g6 3. Nc3 Bg7 4. e4 d6 5. Nf3 O-O 6. h3 e5 7. d5 Nh5 8. Nh2
Qe8 9. Be2 Nf4 10. Bf3 f5 11. g3 Nxh3 12. Bg2 Qf7 13. Bxh3 fxe4 14. Ng4
Bxg4 15. Qxg4 Qxf2+ 16. Kd1 Qd4+ 17. Ke1 Qf2+ 18. Kd1 Qd4+ 19. Ke1 Qf2+
1/2-1/2